Энергия и законы ее использования

Podrobná bibliografie
Hlavní autor: Андреев Н. Н.
Jazyk:ruština
Vydáno: Москва, Госиздат, 1922
Vydání:2-е изд., перераб.
Edice:Наука и техника
Témata:
Médium: MixedMaterials Kniha
KOHA link:https://koha.lib.tpu.ru/cgi-bin/koha/opac-detail.pl?biblionumber=311756

MARC

LEADER 00000nam0a2200000 4500
001 311756
005 20231102002422.0
035 |a (RuTPU)RU\TPU\book\337121 
090 |a 311756 
100 |a 20151211d1922 m y0rusy50 ca 
101 0 |a rus 
102 |a RU 
105 |a a z 000zy 
200 1 |a Энергия и законы ее использования  |f Н. Н. Андреев 
205 |a 2-е изд., перераб. 
210 |a Москва  |c Госиздат  |d 1922 
215 |a 90 с.  |c ил. 
225 1 |a Наука и техника 
606 1 |a Электрофизика  |2 stltpush  |3 (RuTPU)RU\TPU\subj\20983  |9 46040 
610 1 |a энергия 
610 1 |a законы 
610 1 |a кинетическая энергия 
610 1 |a калометрическое измерение 
675 |a 537  |v 4 
700 1 |a Андреев  |b Н. Н. 
801 1 |a RU  |b 63413507  |c 20151211 
801 2 |a RU  |b 63413507  |c 20151211  |g RCR 
942 |c BK